Land Law and Conveyancing in Kenya (Record no. 3114)

MARC details
000 -LEADER
fixed length control field 00315nam a22001217a 4500
008 - FIXED-LENGTH DATA ELEMENTS--GENERAL INFORMATION
fixed length control field 230629b xxu||||| |||| 00| 0 eng d
082 ## - DEWEY DECIMAL CLASSIFICATION NUMBER
Classification number 346.6
Item number ONA 1986
100 ## - MAIN ENTRY--PERSONAL NAME
Titles and words associated with a name P. L. Omalo
245 ## - TITLE STATEMENT
Title Land Law and Conveyancing in Kenya
260 ## - PUBLICATION, DISTRIBUTION, ETC. (IMPRINT)
Place of publication, distribution, etc. Kenya
Name of publisher, distributor, etc. Heinemann Kenya Ltd
Date of publication, distribution, etc. 1986
300 ## - PHYSICAL DESCRIPTION
Extent XII,298p
942 ## - ADDED ENTRY ELEMENTS (KOHA)
Source of classification or shelving scheme Dewey Decimal Classification
Koha item type Books
Holdings
Withdrawn status Lost status Source of classification or shelving scheme Damaged status Not for loan Home library Current library Date acquired Total Checkouts Full call number Barcode Date last seen Price effective from Koha item type
    Dewey Decimal Classification     County Hall Archives County Hall Archives 06/29/2023   346.6 ONA 1986 10001936 06/29/2023 06/29/2023 Books
    Dewey Decimal Classification     County Hall Archives County Hall Archives 06/29/2023   346.6 ONA 1986 10001937 06/29/2023 06/29/2023 Books
LIBRARY OPENING HOURS

When the Parliament is sitting: 8.00a.m - 7.00p.m or until the house adjourns
Mondays and Fridays and when the House is on Recess:  8.00a.m - 5.00p.m
Closed on Weekends and Public Holidays

Online Public Access Catalog (OPAC)
Website: http://www.parliament.go.ke
Bunge Library: https://libraryir.parliament.go.ke
Contact: library@parliament.go.ke | Tel no: (254-2)2221291 or 2848000 Ext 5043